A carregar...
Le Corbusier /
| Autor principal: | |
|---|---|
| Idioma: | Undetermined |
| Publicado em: |
Newyork
Simon and schuster
1970
|
| LEADER | 00424nam a2200133Ia 4500 | ||
|---|---|---|---|
| 001 | 31903 | ||
| 008 | 170722s9999 xx 000 0 und d | ||
| 100 | |a Pawley, Martin | ||
| 245 | |a Le Corbusier / | ||
| 260 | |b Simon and schuster |a Newyork |c 1970 | ||
| 300 | |a 136 |c 26 cm. | ||
| 942 | |c GEN | ||
| 999 | |c 7523 |d 7523 | ||
| 952 | |0 0 |1 0 |4 0 |6 NA_594XM87_F95L0_R |7 0 |9 8581 |a LIB |b LIB |d 2017-08-12 |o NA594xM87 f95L0 (R) |p 160444 |r 2017-08-12 |v 0.00 |w 2017-08-12 |y GEN | ||